000
00288nam a2200109Ia 4500
008
220204s9999 xx 000 0 und d
082
_a
8(082.2)
_b
MUR
100
_a
Murphy, Edward F
245
0
_a
Macmillan treasury of relevant quotations
260
_a
London
_b
Macmillan
_c
1979
942
_c
BK
999
_c
31812
_d
31812